| 000 | 00668nam a2200205 a 4500 | ||
|---|---|---|---|
| 005 | 20240704063759.0 | ||
| 008 | 050224s1990 mx r 000 0 spa d | ||
| 020 | _a8486587557 | ||
| 035 | _aUPN01000137601 | ||
| 049 | _aCG | ||
| 050 | 4 |
_aPN1979 E4 _bA5.3 |
|
| 100 | 1 | _aAngoloti, Carlos | |
| 245 | 1 | 0 |
_aCómics, títeres y teatro de sombras : _btres formas plásticas de contar historias / _cCarlos Angoloti. |
| 260 |
_aMadrid : _bEdiciones de la Torre, _c1990. |
||
| 300 |
_a186 p. : _bil. |
||
| 440 | 0 |
_aProyecto didáctico Quirón ; _v16 |
|
| 650 | 4 |
_aTITERES Y TEATRO DE TITERES EN EDUCACION _99365 |
|
| 650 | 4 |
_aTeatro en la educación _95250 |
|
| 905 | _aLibro | ||
| 999 |
_c109752 _d109752 |
||